Directorio dos arquivos, bibliotecas e museos de Galicia / coordinación y dirección: Carlos González Guitian, Pedro López Gómez Carlos González Guitian, Pedro López Gómez
ISBN:
84-453-0593-9
Descripción Física:
76 p. ; 30 cm
Colección:
Estudios sobre o patrimonio documental ; 1
Otros Autores:
López Gómez, Pedro
MARC
| LEADER | 00000nam a2200000Ia 4500 | ||
|---|---|---|---|
| 001 | 10528 | ||
| 008 | 160829s1993 xx 000 0 cat d | ||
| 020 | |a 84-453-0593-9 | ||
| 080 | |a A-1-23 | ||
| 100 | |a González Guitián, Carlos |9 33053 |e director editorial | ||
| 245 | |a Directorio dos arquivos, bibliotecas e museos de Galicia / coordinación y dirección: |b Carlos González Guitian, Pedro López Gómez | ||
| 260 | |a Coruña : |b Xunta de Galicia, Consellería de Cultura e Xuventude, |c 1993 | ||
| 300 | |a 76 p. ; |c 30 cm | ||
| 490 | |a Estudios sobre o patrimonio documental ; 1 | ||
| 650 | |a Arxius |x Galícia |x Directoris |9 33054 | ||
| 650 | |a Biblioteques |x Galícia |x Directoris |9 33055 | ||
| 650 | |a Museus |x Galícia |x Directoris |9 33056 | ||
| 700 | |a López Gómez, Pedro |e director editorial |9 20961 | ||
| 710 | 1 | |a Galícia. |b Consellería de Cultura e Xuventude |9 55417 | |
| 901 | |a Arxiu | ||
| 942 | |n 1 |2 udc | ||
| 952 | |0 0 |1 0 |4 0 |6 A123 |7 1 |9 46189 |a Arxiu |b Arxiu |d 2016-12-01 |l 0 |o A-1-23 |p 10528 |r 2016-12-01 00:00:00 |w 2016-12-01 |y ARXIU | ||
| 999 | |c 49691 |d 49691 | ||